Segmentácia čitateľov s využitím text miningu
Analýza správania čitateľov na internetovej stránke poskytuje tvorcom webu i tvorcom webového obsahu cenné informácie, ktorých využitie môže zvýšiť zisk prevádzkovateľovi stránky. Odhalenie najpopulárnejších tém preferovaných čitateľmi umožňuje získať lepší prehľad o tom, o ktorý typ obsahu je najme...
Gespeichert in:
| 1. Verfasser: | |
|---|---|
| Weitere Verfasser: | |
| Format: | Buchkapitel |
| Sprache: | Slowakisch |
| Schlagworte: | |
| Tags: |
Keine Tags, Fügen Sie das erste Tag hinzu!
|
MARC
| LEADER | 00000naa a2200000 4500 | ||
|---|---|---|---|
| 001 | 0230073 | ||
| 005 | 20240502073800.3 | ||
| 041 | 0 | |a slo | |
| 044 | |a SK | ||
| 245 | 1 | 0 | |a Segmentácia čitateľov s využitím text miningu |c Bianka Parmová, Mária Vojtková |
| 520 | |a Analýza správania čitateľov na internetovej stránke poskytuje tvorcom webu i tvorcom webového obsahu cenné informácie, ktorých využitie môže zvýšiť zisk prevádzkovateľovi stránky. Odhalenie najpopulárnejších tém preferovaných čitateľmi umožňuje získať lepší prehľad o tom, o ktorý typ obsahu je najmenší záujem a, naopak, ktorá téma je pre čitateľov najzaujímavejšia. Segmentácia online čitateľov na základe prečítaných článkov podľa tém s využitím hĺbkovej analýzy textu. | ||
| 610 | 2 | 0 | |a stránky webové |
| 610 | 2 | 0 | |a internet |
| 610 | 2 | 0 | |a články |
| 610 | 2 | 0 | |a technológie informačné |
| 610 | 2 | 0 | |a technológie komunikačné |
| 610 | 2 | 0 | |a analýza kvalitatívna |
| 100 | 1 | |a Parmová, Bianka | |
| 700 | 1 | |a Vojtková, Mária, 1966- | |